00986nam a2200241Ia 4500003000900000008004100009020001800050040001600068080002200084111008100106245024800187260004200435300001500477490002600492500002600518650004100544650002800585650002700613650002100640700002500661700002000686710003800706IN-BaIIA211028s9999 xx 000 0 eng d a90-277-0246-2 cIIA Library a082.2:52bIAU-S49 aInternational Astronomical Union Symposiumn49thcArgentinad1971 Oct. 18-24 0aWolf-rayet and high temperature starsbproceedings of the International Astronomical Union symposium No.49 held in Buenos Aires Argentina, August 9-14, 1971cedited by M. K. V. Bappu and J. Sahade  aDordrechtbD. Reidel Publishingc1973 axiv, 263p. aIAU Symposium; no. 49 aDonated by Mrs. Bappu aAstronomy and Astrophysics Thesaurus aCircumstellar envelopes aHigh temperature stars aWolf Rayet stars aBappu, M. K. V., ed. aSahade, J., ed. aInternational Astronomical Union